[Event "Sardinia World Open A"]
[Site "Orosei ITA"]
[Date "2026.05.03"]
[Round "1.23"]
[White "Liloni, Francesco Mattia"]
[Black "Ohanyan, Emin"]
[Result "1/2-1/2"]
[BlackTitle "GM"]
[WhiteElo "2124"]
[BlackElo "2508"]
[WhiteFideId "2872264"]
[BlackFideId "13312022"]
[EventDate "2026.05.03"]

1. e4 e6 2. d4 d5 3. Nc3 Nf6 4. e5 Ng8 5. Nce2 c5 6. c3 Nc6 7. Nf3 Nh6 8. Bxh6
gxh6 9. Qd2 f6 10. Nf4 fxe5 11. dxe5 Bg7 12. Nh5 O-O 13. Nxg7 Kxg7 14. h4 Qc7
15. Rh3 Nxe5 16. Rg3+ Kh8 17. Qxh6 Nxf3+ 18. Kd1 Rf7 19. gxf3 Qf4 20. Qh5 c4 21.
Qg5 Bd7 22. Bh3 Raf8 23. Ke2 d4 24. Qxf4 d3+ 25. Ke3 Rxf4 26. Bg4 Bc6 27. b3 Bd5
28. bxc4 Bxc4 29. a4 e5 30. Rb1 Rd8 31. Kd2 b6 32. Rb4 Rd6 33. a5 b5 34. Rg1 Ra6
35. Ra1 e4 36. Ke3 Raf6 37. Rg1 exf3 38. Be6 Rf8 39. Bxc4 bxc4 40. Rb7 a6 41. h5
R4f6 42. Rgg7 Re8+ 43. Rge7 Re6+ 44. Rxe6 Rxe6+ 45. Kxf3 h6 46. Rb6 Re1 47.
Rxh6+ Kg7 48. Rd6 Rc1 49. Kg4 Rxc3 50. h6+ Kh7 51. Kg5 Rc1 52. Rd7+ Kh8 53. Rd8+
Kh7 54. Rd7+ Kg8 55. h7+ Kh8 56. Kh6 Rh1+ 1/2-1/2

[Event "Sardinia World Open A"]
[Site "Orosei ITA"]
[Date "2026.05.03"]
[Round "1.24"]
[White "Velten, Paul"]
[Black "Gagliardi, Cristian"]
[Result "1-0"]
[WhiteTitle "GM"]
[WhiteElo "2487"]
[BlackElo "2121"]
[WhiteFideId "681091"]
[BlackFideId "810665"]
[EventDate "2026.05.03"]

1. Nf3 Nf6 2. c4 c5 3. g3 g6 4. Bg2 Bg7 5. O-O O-O 6. d4 cxd4 7. Qxd4 Nc6 8. Qh4
Qa5 9. Bh6 Qh5 10. Qxh5 Nxh5 11. Bxg7 Kxg7 12. Nc3 d6 13. Rfd1 Nf6 14. b3 Bd7
15. Ne1 h5 16. h4 Rfc8 17. Nd3 b6 18. Rac1 Rab8 19. Kf1 Kf8 20. Ke1 Ke8 21. Rd2
Ng4 22. Bxc6 Bxc6 23. f3 Nf6 24. e4 Nd7 25. Nb4 Bb7 26. Kf2 Ne5 27. Ke3 a6 28.
Nd3 Nd7 29. Rdc2 Rc7 30. Nd5 Rcc8 31. N5f4 Rc7 32. Ne2 Rbc8 33. Kd2 Nc5 34. Nd4
e6 35. Ke3 Ke7 36. b4 Nd7 37. Nb3 e5 38. a4 f5 39. a5 fxe4 40. fxe4 bxa5 41.
Nxa5 Nf6 42. Nf2 Ba8 43. c5 d5 44. c6 d4+ 45. Kf3 Ke6 46. Rc5 Ng4 47. Nxg4 Rf8+
48. Ke2 hxg4 49. Nc4 Rxc6 50. Rxe5+ Kd7 51. Rg5 Kc7 52. Rxg4 Rb8 53. h5 d3+ 54.
Kxd3 Rd8+ 55. Ke3 gxh5 56. Rg5 Rh8 57. Kd4 Kb8 58. Rc3 h4 59. gxh4 Rxh4 60. Rg8+
Ka7 61. Rg7+ Kb8 62. Re7 Rc8 63. Nd6 Rd8 64. Kc5 Rh5+ 65. e5 Rh4 66. Rc4 Rxc4+
67. Kxc4 Rg8 68. Kc5 Rg4 69. Re8+ Ka7 70. Nc8+ Kb7 71. Nb6 Rg6 72. Nxa8 Rc6+ 73.
Kd5 Rc1 74. e6 Rd1+ 75. Kc5 Rc1+ 76. Kd6 Rd1+ 77. Kc5 Rc1+ 78. Kd4 Rd1+ 79. Kc3
Rc1+ 80. Kb2 Re1 81. e7 Re2+ 82. Kb3 Re3+ 83. Ka4 Re5 84. Nb6 1-0

[Event "Sardinia World Open A"]
[Site "Orosei ITA"]
[Date "2026.05.03"]
[Round "1.25"]
[White "Majek, Kacper"]
[Black "Ilinca, Felix-Antonio"]
[Result "0-1"]
[BlackTitle "IM"]
[WhiteElo "2121"]
[BlackElo "2486"]
[WhiteFideId "21887756"]
[BlackFideId "54764998"]
[EventDate "2026.05.03"]

1. e4 c5 2. Nf3 e6 3. d4 cxd4 4. Nxd4 Nc6 5. Nc3 Qc7 6. Be3 a6 7. a3 b5 8. Nxc6
Qxc6 9. Be2 Bb7 10. O-O Bd6 11. Bd4 Nf6 12. Bf3 e5 13. Be3 h6 14. Qd3 O-O 15.
Rfd1 Bc5 16. Rd2 Qb6 17. Nd1 a5 18. Rb1 b4 19. axb4 axb4 20. c4 Bc6 21. h4 Ra2
22. Bxc5 Qxc5 23. Ne3 h5 24. Re1 g6 25. Qb3 Ra5 26. Nc2 Rb8 27. Qd3 b3 28. Ne3
Kg7 29. Rc1 Ra2 30. Rc3 Qd4 31. Nd5 Bxd5 32. cxd5 Qb4 33. Rc4 Qb6 34. Qc3 d6 35.
g3 Qa7 36. Kg2 Ra1 37. Rd3 Rb1 38. Rd1 Qa1 39. Rxb1 Qxb1 40. Qd2 Ra8 41. Rc1 Qa2
42. Rc6 Ne8 43. Be2 Qa4 44. Rc4 Qa1 45. Rb4 Nf6 46. Bd3 Rc8 47. Rxb3 Qa7 48. Rc3
Rb8 49. Rc6 Qd4 50. Qc3 Rxb2 51. Qxd4 exd4 52. Rc2 Rb3 53. Rd2 Nd7 54. Bf1 Rb4
55. Kf3 Kf6 56. Bd3 Nc5 57. Kf4 Rb2 58. Bc2 d3 59. Rxd3 Rxc2 60. Rf3 Re2 61. g4
hxg4 62. Kxg4+ Kg7 63. Kg5 Rxe4 64. h5 f6+ 0-1

[Event "Sardinia World Open A"]
[Site "Orosei ITA"]
[Date "2026.05.03"]
[Round "1.26"]
[White "Gharibyan, Mamikon"]
[Black "Koskinen, Henri"]
[Result "1-0"]
[WhiteTitle "GM"]
[BlackTitle "FM"]
[WhiteElo "2477"]
[BlackElo "2114"]
[WhiteFideId "13308300"]
[BlackFideId "500720"]
[EventDate "2026.05.03"]

1. d4 d5 2. Nf3 Nf6 3. Bf4 e6 4. e3 c5 5. Nbd2 Nc6 6. c3 Nh5 7. Be5 f6 8. Bg3
Nxg3 9. hxg3 cxd4 10. cxd4 f5 11. Bb5 Bd6 12. Rc1 Bd7 13. Nb3 O-O 14. O-O Nb8
15. Bxd7 Nxd7 16. Nc5 Bxc5 17. dxc5 Rc8 18. b4 a5 19. a3 Qe7 20. Qa4 axb4 21.
axb4 Nf6 22. c6 Ne4 23. Nd4 Qe8 24. b5 b6 25. Qa7 Rf7 26. Qxb6 Rf6 27. Qb7 Nd6
28. Qd7 Qh5 29. Qxd6 Rh6 30. f3 1-0

[Event "Sardinia World Open A"]
[Site "Orosei ITA"]
[Date "2026.05.03"]
[Round "1.27"]
[White "Lemonnier, Remi"]
[Black "Dronavalli, Harika"]
[Result "1/2-1/2"]
[BlackTitle "GM"]
[WhiteElo "2114"]
[BlackElo "2470"]
[WhiteFideId "648280"]
[BlackFideId "5015197"]
[EventDate "2026.05.03"]

1. e4 Nc6 2. Nc3 Nf6 3. d4 d5 4. e5 Nd7 5. Nxd5 Ndb8 6. Ne3 Qxd4 7. Bd3 Qd8 8.
f4 e6 9. Nf3 Nb4 10. Bb5+ c6 11. Qxd8+ Kxd8 12. Ba4 Nd7 13. Bd2 a5 14. a3 Nd5
15. c4 Nxf4 16. O-O h6 17. Bc2 Ng6 18. Rad1 Ke8 19. Bc3 Bc5 20. Rfe1 a4 21. Kh1
Bb6 22. Nf1 Ba5 23. Bxg6 fxg6 24. Re3 Bxc3 25. Rxc3 Ra5 26. Re3 g5 27. h3 Ke7
28. Ng3 Rd8 29. Ne4 Nxe5 30. Rxd8 Kxd8 31. c5 Nf7 32. Nfd2 Rb5 33. Nc4 Rb3 34.
Nc3 e5 35. Re2 Be6 36. Na5 Ke7 37. Nxb3 Bxb3 38. Re4 Ke6 39. Nxa4 Nd8 40. Nc3
Bc2 41. Re2 Bb3 42. g4 Kf6 43. Ne4+ Ke7 44. Ng3 Ke6 45. Kg1 g6 46. Kf2 Kf6 47.
Ne4+ Ke6 48. Re3 Bd5 49. Nc3 Bc4 50. Re4 Bd3 51. Rb4 Kd7 52. Ne4 Kc7 53. Ke3 Bf1
54. Nf2 Bg2 55. Nd3 Nf7 56. Kf2 Bxh3 57. Re4 h5 58. gxh5 Bf5 59. hxg6 Bxg6 60.
Re3 e4 61. Nc1 Ne5 62. Kg3 Nc4 63. Re2 Bf5 64. Rf2 Be6 65. Ne2 e3 66. Rf6 Bd5
67. Rf5 Nxb2 68. Rxg5 Nd3 69. Rg7+ Kb8 70. Re7 Nxc5 71. Rxe3 Ka7 72. Nc3 Kb6 73.
Kf4 Bb3 74. Ke5 Na4 75. Ne4 Bd5 76. Nf6 Kc5 77. Rd3 Nb2 78. Nd7+ Kb5 79. Rc3 b6
80. Nf6 Nc4+ 81. Kd4 Ka4 82. Nxd5 cxd5 83. Kxd5 Nxa3 84. Rxa3+ Kxa3 85. Kc6 Kb4
86. Kxb6 1/2-1/2

[Event "Sardinia World Open A"]
[Site "Orosei ITA"]
[Date "2026.05.03"]
[Round "1.29"]
[White "Svane, Frederik"]
[Black "Kantane, Anna"]
[Result "1-0"]
[WhiteTitle "GM"]
[BlackTitle "WIM"]
[WhiteElo "2645"]
[BlackElo "2216"]
[WhiteFideId "12923044"]
[BlackFideId "1135988"]
[EventDate "2026.05.03"]

1. e4 e5 2. Nf3 Nc6 3. Bc4 Nf6 4. d3 Bc5 5. c3 d6 6. O-O a6 7. a4 Ba7 8. h3 h6
9. Be3 Bxe3 10. fxe3 d5 11. exd5 Nxd5 12. Qe1 O-O 13. a5 b6 14. Nbd2 bxa5 15.
Bb3 Rb8 16. d4 e4 17. Nh2 f5 18. Kh1 Kh8 19. Qf2 Rf6 20. Qe2 Rg6 21. Qf2 Rf6 22.
Qe2 Rg6 23. Rf2 Nde7 24. Raf1 a4 25. Bxa4 Rxb2 26. g4 Rf6 27. Qe1 Bb7 28. Qa1
Rxd2 29. Rxd2 f4 30. Qb1 fxe3 31. Re2 Ba8 32. Rxf6 gxf6 33. Bxc6 Bxc6 34. Qe1
Kh7 35. Nf1 f5 36. gxf5 Nxf5 37. Nxe3 Qg5 38. Nxf5 Qxf5 39. Kh2 h5 40. Qg3 Qf7
41. c4 Qxc4 42. Qxc7+ Kh8 43. Rg2 1-0

[Event "Sardinia World Open A"]
[Site "Orosei ITA"]
[Date "2026.05.03"]
[Round "1.30"]
[White "Saine, Zachary"]
[Black "Prraneeth, Vuppala"]
[Result "0-1"]
[BlackTitle "GM"]
[WhiteElo "2135"]
[BlackElo "2515"]
[WhiteFideId "2624346"]
[BlackFideId "46622373"]
[EventDate "2026.05.03"]

1. e4 e5 2. Nf3 Nc6 3. d4 exd4 4. Nxd4 Qf6 5. Nf3 Bb4+ 6. c3 Bc5 7. Qc2 d6 8.
Be2 h6 9. Nbd2 Nge7 10. Nc4 Be6 11. O-O g5 12. b4 g4 13. Nfd2 Bb6 14. Nxb6 axb6
15. Bb2 Ng6 16. Bb5 Qg5 17. c4 Rg8 18. Qc3 Nf4 19. Kh1 Kf8 20. Bxc6 bxc6 21. a4
c5 22. b5 h5 23. a5 bxa5 24. Rxa5 Ke7 25. Rfa1 Rxa5 26. Qxa5 Rc8 27. Qc3 h4 28.
Ra7 Qh6 29. Qe3 g3 30. fxg3 hxg3 31. Qxg3 Ne2 32. Qd3 Qh5 33. Nf3 Nf4 34. Qd2
Qg4 35. e5 Rd8 36. exd6+ Rxd6 37. Rxc7+ Ke8 38. Qc2 Rd1+ 39. Ng1 Nh3 40. Bd4
Qxd4 0-1

[Event "Sardinia World Open A"]
[Site "Orosei ITA"]
[Date "2026.05.03"]
[Round "1.31"]
[White "Al-Hajiri, Bader"]
[Black "Kavutskiy, Kostya"]
[Result "0-1"]
[WhiteTitle "FM"]
[BlackTitle "IM"]
[WhiteElo "2017"]
[BlackElo "2318"]
[WhiteFideId "10300163"]
[BlackFideId "2026384"]
[EventDate "2026.05.03"]

1. d4 Nf6 2. c4 g6 3. Nc3 Bg7 4. e4 d6 5. Nf3 O-O 6. Be2 Na6 7. O-O e5 8. d5 Nc5
9. Qc2 a5 10. Be3 Ng4 11. Bg5 f6 12. Bd2 f5 13. Bg5 Nf6 14. Nd2 h6 15. Bxf6 Bxf6
16. b3 Bg5 17. Nf3 h5 18. Nxg5 Qxg5 19. exf5 Bxf5 20. Qc1 Qf6 21. Qe3 Rae8 22.
f3 g5 23. Ne4 Bxe4 24. fxe4 Qg6 25. a3 Rf4 26. Rae1 Rxe4 27. Bd3 Rxe3 28. Bxg6
Rxe1 29. Rxe1 Rf8 30. b4 axb4 31. axb4 Nd7 32. Bxh5 Nf6 33. Bf3 Ra8 34. c5 Ra4
35. Rb1 Kg7 36. Bd1 Ra2 37. Bb3 Rd2 38. Ra1 Rb2 39. cxd6 cxd6 40. Ra3 e4 41. Ba2
Kg6 42. b5 Rxb5 43. Rb3 Rxd5 0-1

[Event "Sardinia World Open A"]
[Site "Orosei ITA"]
[Date "2026.05.04"]
[Round "2.1"]
[White "Jaidambareesh N R"]
[Black "Nepomniachtchi, Ian"]
[Result "0-1"]
[WhiteTitle "FM"]
[BlackTitle "GM"]
[WhiteElo "2373"]
[BlackElo "2729"]
[WhiteFideId "46656391"]
[BlackFideId "4168119"]
[EventDate "2026.05.03"]

1. d4 Nf6 2. c4 e6 3. g3 d5 4. Bg2 Nbd7 5. Nf3 dxc4 6. Nbd2 b5 7. Ne5 Nxe5 8.
Bxa8 Qxd4 9. Bg2 Qb6 10. O-O Bc5 11. a4 a6 12. axb5 axb5 13. Nf3 Neg4 14. e3 Nd5
15. Bd2 O-O 16. Ba5 Qd6 17. Qe2 Ngxe3 18. fxe3 Nxe3 19. Kh1 Bb7 20. Rfc1 Nxg2
21. Kxg2 e5 22. Bc3 e4 23. Nh4 f5 24. Rd1 Qe6 25. Kh1 f4 26. gxf4 e3+ 27. Ng2
Qh3 28. Rf1 Rf5 29. Kg1 Rh5 30. Ne1 Qg3+ 0-1

[Event "Sardinia World Open A"]
[Site "Orosei ITA"]
[Date "2026.05.04"]
[Round "2.2"]
[White "Van Wessel, Rudy"]
[Black "Saric, Ivan"]
[Result "0-1"]
[WhiteTitle "IM"]
[BlackTitle "GM"]
[WhiteElo "2371"]
[BlackElo "2657"]
[WhiteFideId "1004395"]
[BlackFideId "14508150"]
[EventDate "2026.05.03"]

1. e4 c6 2. d4 d5 3. exd5 cxd5 4. Bd3 Nc6 5. c3 Nf6 6. h3 g6 7. Nf3 Bg7 8. O-O
Qc7 9. Re1 O-O 10. Nbd2 Nh5 11. Nf1 Rd8 12. Bb5 a6 13. Bxc6 bxc6 14. Ne5 c5 15.
Qf3 Be6 16. g4 Nf6 17. Bf4 Qb6 18. dxc5 Qxc5 19. Nd2 Qb6 20. Nb3 Ne4 21. Qe3
Qxe3 22. Rxe3 Rac8 23. Nd3 Bf6 24. f3 Nd6 25. Re2 d4 26. Nxd4 Bc4 27. Rd1 Bxd4+
28. cxd4 Nb5 29. Rxe7 Nxd4 30. Bh6 Bxa2 31. Kg2 Nc6 32. Re3 f6 33. Rde1 Rb8 34.
Kg3 g5 35. h4 Bc4 36. Nc5 gxh4+ 37. Kxh4 Rxb2 38. Kg3 Kf7 39. Bf4 h5 40. Ne4
hxg4 41. Nd6+ Rxd6 42. Bxd6 gxf3 43. Rxf3 Nd4 44. Rxf6+ Kxf6 45. Be5+ Kf5 46.
Bxd4 Rb5 47. Kf3 a5 48. Rc1 Bd5+ 49. Ke3 a4 50. Rc5 Rb3+ 51. Bc3 Ke6 52. Kd4 Rb1
53. Ra5 Bb3 54. Ra6+ Kf5 55. Ra8 Rc1 56. Ra5+ Ke6 57. Re5+ Kd7 58. Re1 Rc2 59.
Kd3 Rh2 60. Bb4 Kc6 61. Re5 Bd5 62. Kc3 Rh3+ 63. Kc2 a3 64. Re1 Kb5 65. Bd6 Kc4
66. Ra1 Be4+ 67. Kd2 Rd3+ 68. Ke2 Rxd6 69. Rxa3 Rh6 70. Ra4+ Kd5 71. Ra7 Rh3 72.
Rd7+ Ke5 73. Re7+ Kd4 74. Rd7+ Bd5 75. Kf2 Rf3+ 76. Ke1 Rg3 77. Kf2 Rg2+ 78. Kf1
Rh2 79. Rd8 Ke4 80. Kg1 Rd2 81. Re8+ Kf3 82. Rf8+ Ke3 83. Rf2 Rd4 84. Rc2 Rd1+
85. Kh2 Kf4 86. Rf2+ Bf3 87. Rf1 Rxf1 0-1

[Event "Sardinia World Open A"]
[Site "Orosei ITA"]
[Date "2026.05.04"]
[Round "2.3"]
[White "Karthikeyan, Murali"]
[Black "Jirasek, Pavel"]
[Result "1-0"]
[WhiteTitle "GM"]
[BlackTitle "FM"]
[WhiteElo "2648"]
[BlackElo "2371"]
[WhiteFideId "5074452"]
[BlackFideId "319848"]
[EventDate "2026.05.03"]

1. Nf3 Nf6 2. c4 c5 3. Nc3 Nc6 4. e3 e6 5. d4 d5 6. a3 dxc4 7. Bxc4 a6 8. O-O b5
9. Bd3 Bb7 10. dxc5 Bxc5 11. b4 Bd6 12. Ne4 Nxe4 13. Bxe4 f5 14. Bxc6+ Bxc6 15.
Bb2 O-O 16. Qd4 Qe7 17. Ne5 Bd5 18. f3 Rac8 19. Rac1 Bb8 20. Qf4 Rc4 21. Rxc4
Bxc4 22. Re1 Qd6 23. Nxc4 bxc4 24. Qxd6 Bxd6 25. Rd1 Rd8 26. Kf1 Kf7 27. Be5 Ke7
28. Bxd6+ Rxd6 29. Rxd6 Kxd6 30. Ke2 Kd5 31. Kd2 f4 32. exf4 Kd4 33. a4 c3+ 34.
Kc2 Kc4 35. b5 axb5 36. axb5 Kxb5 37. Kxc3 Kc5 38. Kd3 Kd5 39. Ke3 g6 40. g4 h5
41. gxh5 gxh5 42. h4 1-0

[Event "Sardinia World Open A"]
[Site "Orosei ITA"]
[Date "2026.05.04"]
[Round "2.4"]
[White "Van Haastert, Edwin"]
[Black "Svane, Frederik"]
[Result "1/2-1/2"]
[WhiteTitle "IM"]
[BlackTitle "GM"]
[WhiteElo "2369"]
[BlackElo "2645"]
[WhiteFideId "1003992"]
[BlackFideId "12923044"]
[EventDate "2026.05.03"]

1. e4 c5 2. Nf3 d6 3. d4 cxd4 4. Nxd4 Nf6 5. Nc3 a6 6. Be3 e5 7. Nf3 Be7 8. Bc4
O-O 9. O-O Nc6 10. Re1 Rb8 11. Nd5 b5 12. Nxf6+ Bxf6 13. Bd5 Qc7 14. Bg5 Bxg5
15. Nxg5 h6 16. Nf3 Ne7 17. Bb3 a5 18. a3 a4 19. Ba2 Be6 20. Bxe6 fxe6 21. c3
Nc6 22. b3 axb3 23. Qxb3 Rf6 24. a4 Na5 25. Qb4 bxa4 26. Qxa4 Nc4 27. Reb1 Rff8
28. h3 Kh7 29. Rb4 Rxb4 30. cxb4 Qb7 31. Qa7 Qxe4 32. Qe7 Rf6 33. Qd8 Qf4 34.
Ra8 Nd2 35. Qg8+ Kg6 36. Qe8+ Kh7 37. Qg8+ Kg6 38. Qe8+ Kh7 39. Qb5 1/2-1/2

[Event "Sardinia World Open A"]
[Site "Orosei ITA"]
[Date "2026.05.04"]
[Round "2.5"]
[White "Martirosyan, Haik M."]
[Black "Vantika, Agrawal"]
[Result "1-0"]
[WhiteTitle "GM"]
[BlackTitle "IM"]
[WhiteElo "2636"]
[BlackElo "2367"]
[WhiteFideId "13306553"]
[BlackFideId "25050389"]
[EventDate "2026.05.03"]

1. d4 Nf6 2. c4 e6 3. Nf3 d5 4. Nc3 c6 5. Bg5 Nbd7 6. cxd5 exd5 7. Qc2 Be7 8. e3
Nh5 9. Bxe7 Qxe7 10. O-O-O Nb6 11. Bd3 g6 12. Kb1 Ng7 13. Rhe1 O-O 14. h4 Bg4
15. Rc1 Bxf3 16. gxf3 Rac8 17. Rh1 c5 18. dxc5 Rxc5 19. Rcg1 Nh5 20. f4 Nc4 21.
Rg5 Rfc8 22. Bxc4 dxc4 23. Nd5 Qd6 24. Rd1 Nf6 25. Nc3 Qc7 26. Rd4 a6 27. a3 b5
28. Qd2 Kg7 29. e4 Qb7 30. e5 Qh1+ 31. Ka2 Nh5 32. f5 h6 33. Rxg6+ fxg6 34. Rd7+
Kg8 35. Qxh6 1-0

[Event "Sardinia World Open A"]
[Site "Orosei ITA"]
[Date "2026.05.04"]
[Round "2.6"]
[White "Jacobson, Aaron"]
[Black "Aditya, Mittal"]
[Result "1/2-1/2"]
[WhiteTitle "IM"]
[BlackTitle "GM"]
[WhiteElo "2364"]
[BlackElo "2619"]
[WhiteFideId "2089912"]
[BlackFideId "35042025"]
[EventDate "2026.05.03"]

1. d4 Nf6 2. c4 e6 3. Nf3 d5 4. Nc3 Bb4 5. Qa4+ Nc6 6. e3 O-O 7. Bd2 dxc4 8.
Bxc4 Bd6 9. Qc2 a6 10. a3 e5 11. dxe5 Nxe5 12. Nxe5 Bxe5 13. f4 Bxf4 14. exf4
Re8+ 15. Ne2 b5 16. Bd3 c5 17. O-O-O c4 18. Bxc4 bxc4 19. Bc3 Nd7 20. Ng3 Qc7
21. Nh5 f6 22. Rhe1 Bb7 23. Qf5 Rxe1 24. Rxe1 Nc5 25. Re3 Qd6 26. Nxf6+ gxf6 27.
Rg3+ Kf7 28. Bb4 Be4 29. Bxc5 Qc6 30. Qh5+ Bg6 31. Rxg6 hxg6 32. Qh7+ Ke6 33.
Qxg6 Qxc5 34. Qe4+ Kf7 35. Qxa8 Qe3+ 36. Kd1 Qd3+ 37. Kc1 Qe3+ 38. Kb1 Qd3+ 1/2-1/2

[Event "Sardinia World Open A"]
[Site "Orosei ITA"]
[Date "2026.05.04"]
[Round "2.7"]
[White "Mendonca, Leon Luke"]
[Black "Adithya A Chullikkad"]
[Result "1-0"]
[WhiteTitle "GM"]
[BlackTitle "FM"]
[WhiteElo "2613"]
[BlackElo "2358"]
[WhiteFideId "35028561"]
[BlackFideId "45078734"]
[EventDate "2026.05.03"]

1. Nf3 Nf6 2. c4 e6 3. g3 d5 4. Bg2 c6 5. b3 a5 6. O-O a4 7. Bb2 Be7 8. d4 Nbd7
9. Nbd2 O-O 10. Qc2 b6 11. bxa4 Bb7 12. Rab1 Qb8 13. Bc3 Qa7 14. a5 bxa5 15. c5
Bd8 16. Rfe1 h6 17. e4 dxe4 18. Ne5 e3 19. fxe3 Nxe5 20. dxe5 Nd5 21. Ne4 Ba6
22. a3 Qe7 23. Nd6 Qg5 24. Bd4 Bc7 25. Qa4 Bb5 26. Nxb5 cxb5 27. Rxb5 Rfd8 28.
c6 Bxe5 29. Rxa5 Rac8 30. Rc5 Bd6 31. Ra5 Bc7 32. Rb5 Qg4 33. Qc2 h5 34. Qe4 Qg5
35. Rb7 Qe7 36. a4 Qd6 37. Rc1 Qa3 38. Ra1 Qd6 39. Rc1 Qa3 40. Rc4 h4 41. Bc5
Qa1+ 42. Rb1 Qa2 43. Qc2 Qxc2 44. Rxc2 hxg3 45. hxg3 Bxg3 46. Ba7 Bc7 47. Rb5
Nf6 48. a5 Ng4 49. Bf3 Ne5 50. Kf2 g5 51. Bb6 f6 52. Bxc7 Rxc7 53. Rb7 Rdc8 54.
a6 g4 55. Bg2 g3+ 56. Kxg3 Kh8 57. Rxc7 Rxc7 58. a7 Rg7+ 59. Kf2 Nd3+ 60. Ke2 1-0

[Event "Sardinia World Open A"]
[Site "Orosei ITA"]
[Date "2026.05.04"]
[Round "2.8"]
[White "Lortkipanidze, Nodar"]
[Black "Puranik, Abhimanyu"]
[Result "0-1"]
[WhiteTitle "IM"]
[BlackTitle "GM"]
[WhiteElo "2363"]
[BlackElo "2607"]
[WhiteFideId "13604058"]
[BlackFideId "5061245"]
[EventDate "2026.05.03"]

1. e4 e5 2. Nf3 Nc6 3. d4 exd4 4. Nxd4 Nf6 5. Nxc6 bxc6 6. e5 Qe7 7. Qe2 Nd5 8.
g3 g6 9. c4 Ba6 10. b3 Bg7 11. Bb2 d6 12. Bg2 O-O-O 13. Qd2 Nb4 14. a3 Nd3+ 15.
Qxd3 Bxe5 16. O-O Bxb2 17. Ra2 Bg7 18. Bxc6 d5 19. Qf3 dxc4 20. Bb5 Bb7 21. Ba6
c5 22. Re2 Qd7 23. Rfe1 Kb8 24. Bxb7 Qxb7 25. Qf4+ Qc7 26. Qxc4 Rd7 27. Re8+
Rxe8 28. Rxe8+ Rd8 29. Nd2 f5 30. Qb5+ Kc8 31. Nc4 Rxe8 32. Qxe8+ Kb7 33. Qb5+
Kc8 34. Na5 f4 35. gxf4 Bc3 36. Qe8+ Qd8 37. Qxd8+ Kxd8 38. Nb7+ Kc7 39. Nxc5
Kc6 40. Nd3 Kd5 41. Kf1 Kd4 42. Ke2 Ba5 43. b4 Bc7 44. Ne5 Kc3 45. h3 Kb3 46.
Kd3 Kxa3 47. Kc4 Kb2 48. Kd5 Kc2 49. b5 Kc3 50. f3 Bb6 51. Nd7 Bc7 52. Ne5 Bb6
53. h4 Kb4 54. Kc6 Bd8 55. f5 gxf5 56. h5 Bf6 57. Nf7 Kc4 58. Nd6+ Kd3 59. Kd5
f4 60. Ke6 Bd4 61. Kf5 Bc5 62. Nc8 Ke3 63. Kg4 h6 64. b6 Bxb6 65. Ne7 Kd3 66.
Nc6 Ke3 67. Ne7 Bc5 68. Nc6 a6 69. Ne5 Bd4 70. Nc4+ Kd3 71. Na5 Bc3 72. Nb7 Ke3
73. Nd6 Bb4 74. Nc4+ Kd4 75. Nb6 Kc5 76. Nd7+ Kd6 77. Nb6 Kc6 78. Nc4 Kb5 79.
Nb2 Bc3 80. Nd1 Bd2 81. Kf5 a5 82. Ke4 Kc4 83. Nb2+ Kb3 84. Nd3 a4 85. Nc5+ Kb4
86. Nxa4 Kxa4 87. Kf5 Kb4 88. Kg6 Kc4 89. Kxh6 Kd3 0-1

[Event "Sardinia World Open A"]
[Site "Orosei ITA"]
[Date "2026.05.04"]
[Round "2.9"]
[White "Dardha, Daniel"]
[Black "Negrean, Andrei"]
[Result "1-0"]
[WhiteTitle "GM"]
[BlackTitle "FM"]
[WhiteElo "2602"]
[BlackElo "2353"]
[WhiteFideId "240990"]
[BlackFideId "1291513"]
[EventDate "2026.05.03"]

1. e4 c5 2. Nf3 d6 3. Bb5+ Bd7 4. c4 Nf6 5. Nc3 Nc6 6. O-O g6 7. Bxc6 Bxc6 8. d4
cxd4 9. Nxd4 Bg7 10. Qd3 O-O 11. h3 Nd7 12. Be3 Nc5 13. Qc2 Bd7 14. b3 a6 15.
Rad1 Rc8 16. a4 Ne6 17. Nxe6 Bxe6 18. Qd2 Re8 19. Nd5 Bxd5 20. exd5 b6 21. Qd3
Qc7 22. Rfe1 Qb7 23. Rc1 Rc7 24. Re2 Bf6 25. b4 Rb8 26. Bh6 Qc8 27. Rec2 Qd7 28.
b5 Ra7 29. Qe3 Raa8 30. g4 Qb7 31. Re1 axb5 32. axb5 Ra7 33. Rce2 Qc8 34. Qf4
Qd8 35. Kg2 Rc8 36. Re4 Bg7 37. Bxg7 Kxg7 38. h4 Rcc7 39. h5 f6 40. hxg6 hxg6
41. Rh1 Qf8 42. Re3 Ra4 43. Reh3 Qg8 44. Qh2 f5 45. Rh7+ Kf6 46. g5+ 1-0

[Event "Sardinia World Open A"]
[Site "Orosei ITA"]
[Date "2026.05.04"]
[Round "2.10"]
[White "Skytte, Rasmus"]
[Black "Idani, Pouya"]
[Result "0-1"]
[WhiteTitle "IM"]
[BlackTitle "GM"]
[WhiteElo "2358"]
[BlackElo "2594"]
[WhiteFideId "1404210"]
[BlackFideId "12510130"]
[EventDate "2026.05.03"]

1. e4 c5 2. Nf3 d6 3. Bc4 Nf6 4. d3 Nc6 5. c3 g6 6. O-O Bg7 7. a4 O-O 8. Be3 Bg4
9. Nbd2 Ne5 10. Bb3 Nxd3 11. Qc2 c4 12. Bxc4 Nc5 13. Bxc5 dxc5 14. e5 Nh5 15.
Rfe1 Nf4 16. Qe4 Bh6 17. Nf1 Qc7 18. Ne3 Bd7 19. Nd5 Nxd5 20. Bxd5 e6 21. Qh4
Bg7 22. Be4 Rab8 23. Qg3 b5 24. a5 b4 25. c4 b3 26. h4 f5 27. Bd3 Bc6 28. Ng5
Qe7 29. f4 Rfd8 30. Re3 Bh6 31. Bf1 Bxg5 32. hxg5 Rd4 33. Ra3 Rbd8 34. Raxb3 Be4
35. Be2 Qc7 36. Bf3 Qxa5 37. Bxe4 Rd1+ 38. Kh2 Qa1 39. Qf3 fxe4 40. Qg4 Rh1+ 41.
Kg3 Qa6 42. Rb5 Qc6 43. Reb3 0-1

[Event "Sardinia World Open A"]
[Site "Orosei ITA"]
[Date "2026.05.04"]
[Round "2.11"]
[White "Jacobson, Brandon"]
[Black "Perossa, Nicolas"]
[Result "1-0"]
[WhiteTitle "GM"]
[BlackTitle "FM"]
[WhiteElo "2594"]
[BlackElo "2332"]
[WhiteFideId "30901561"]
[BlackFideId "2850520"]
[EventDate "2026.05.03"]

1. d4 d5 2. c4 e6 3. Nc3 Be7 4. cxd5 exd5 5. Bf4 Nf6 6. e3 O-O 7. h3 Bf5 8. g4
Be4 9. f3 Bg6 10. h4 h6 11. Bd3 c5 12. Bxg6 fxg6 13. Nge2 Nc6 14. Qd3 Qe8 15.
O-O-O c4 16. Qb1 Nb4 17. a3 Nd3+ 18. Rxd3 cxd3 19. Qxd3 Rd8 20. Kb1 Nh7 21. Rh3
Qf7 22. Bc7 Rde8 23. Be5 g5 24. h5 Bf6 25. f4 Bxe5 26. dxe5 Rxe5 27. fxe5 Qf1+
28. Ka2 Qxh3 29. Nxd5 Qxg4 30. Ne7+ Kf7 31. Nf5 Kg8 32. Ne7+ Kf7 33. Nf5 Kg8 34.
Neg3 Qa4 35. Qd5+ Kh8 36. Ne7 1-0

[Event "Sardinia World Open A"]
[Site "Orosei ITA"]
[Date "2026.05.04"]
[Round "2.12"]
[White "Shilon Rahav, Eliran"]
[Black "Lodici, Lorenzo"]
[Result "0-1"]
[WhiteTitle "FM"]
[BlackTitle "GM"]
[WhiteElo "2340"]
[BlackElo "2590"]
[WhiteFideId "2844958"]
[BlackFideId "884189"]
[EventDate "2026.05.03"]

1. e4 e5 2. Nf3 Nc6 3. Bb5 a6 4. Ba4 Nf6 5. O-O Be7 6. d3 b5 7. Bb3 d6 8. c3 O-O
9. h3 h6 10. Re1 Re8 11. Nbd2 Bf8 12. Nf1 Be6 13. a4 Bxb3 14. Qxb3 Na5 15. Qa2
c5 16. Ne3 b4 17. cxb4 cxb4 18. Bd2 d5 19. Nxd5 Nxd5 20. exd5 b3 21. Bxa5 Qxd5
22. Qb1 Qxa5 23. Qd1 Rab8 24. d4 e4 25. Ne5 Qd5 26. Qg4 Rb6 27. Rad1 Rbe6 28.
Qh5 g6 29. Qe2 Bg7 30. Ng4 Qd7 31. d5 Rd6 32. Ne3 Rb8 33. a5 Qb5 34. Qc4 Bxb2
35. Rb1 Bg7 36. Qxe4 b2 37. Red1 Rc8 38. Kh2 Rd7 39. g3 Qxa5 40. d6 Qe5 41. Qd3
Rc6 42. Nc4 Qc5 43. Qe2 Kh7 44. Nxb2 Rcxd6 45. Rxd6 Rxd6 46. Nc4 Re6 47. Ne3 Qc6
48. Rb4 a5 49. Rf4 Rf6 50. Rxf6 Qxf6 51. Qa2 a4 52. Qxa4 Qf5 53. f4 Qxf4 54. Ng2
Qf2 55. Qb3 Be5 56. h4 h5 57. Qd3 0-1